Illustrated Textbook of Paediatrics (Record no. 8452)

MARC details
000 -LEADER
fixed length control field 01414nam a2200193 4500
020 ## - INTERNATIONAL STANDARD BOOK NUMBER
ISBN 9780702081804
050 ## - CALL NUMBER
Classification number RJ48.5
Item number L68
100 ## - AUTHOR
Personal name Lissauer, Tom
245 ## - TITLE
Title Illustrated Textbook of Paediatrics
250 ## - EDITION
Edition statement Sixth edition
260 ## - PUBLICATION INFORMATION
Place of publication Amsterdam
Name of publisher Elsevier
Year of publication 2022
300 ## - DESCRIPTION
Number of Pages xiii, 593 pages
500 ## - NOTES
General note includes index
505 ## - FORMATTED CONTENTS NOTE
Table of Content 1. Paediatrics and Child Health <br/>2. History and Examination <br/>3. Normal Child Development, Hearing and Vision <br/>4. Developmental Problems and the Child with Special Needs <br/>5. Care of the Sick Child and Young Person <br/>6. Paediatric Emergencies <br/>7. Accidents and Poisoning <br/>8. Child Protection <br/>9. Genetics <br/>10. Perinatal Medicine <br/>11. Neonatal Medicine <br/>12. Growth and Puberty <br/>13. Nutrition <br/>14. Gastroenterology <br/>15. Infection and Immunity <br/>16. Allergy <br/>17. Respiratory Disorders <br/>18. Cardiac Disorders <br/>19. Kidney and Urinary Tract Disorders <br/>20. Genital Disorders <br/>21. Liver Disorders <br/>22. Malignant Disease <br/>23. Haematological Disorders <br/>24. Child and Adolescent Mental Health <br/>25. Dermatological Disorders <br/>26. Diabetes and Endocrinology <br/>27. Inborn Errors of Metabolism <br/>28. Musculoskeletal Disorders <br/>29. Neurological Disorders <br/>30. Adolescent Medicine <br/>31. Global Child Health<br/>
650 ## - SUBJECTS
Topical Term Child Health Children Diseases Children Health and hygiene
700 ## - OTHER AUTHORS
Personal name Carroll, Will
942 ## - ADDED ENTRY ELEMENTS (KOHA)
Koha item type Books
Holdings
Withdrawn status Lost status Collection code Home library Current library Shelving location Date acquired Source of acquisition Cost, normal purchase price Full call number Accession Number Koha item type
    Reference Methodist University Library Main Methodist University Library Main General Stacks 05/08/2025 University of Ghana Book Shop (Main) 420.00 RJ48.5 L68 9120 Books
    Reference Methodist University Library Main Methodist University Library Main General Stacks 05/08/2025 University of Ghana Book Shop (Main) 420.00 RJ48.5 L68 9121 Books
Copyright © 2026  MUG Library